[Event "Mercredi 2022.04.06 ABCD"]
[Site "Montreal CAN"]
[Date "2022.04.26"]
[Round "2"]
[White "Destree, Frederic"]
[Black "Baran, Marius"]
[Result "1/2-1/2"]
[WhiteElo "1812"]
[BlackElo "1750"]
[PlyCount "148"]
[EventDate "2022.04.06"]
[EventType "tourn"]
[EventRounds "5"]
[EventCountry "CAN"]

1. Nf3 d5 2. g3 Nc6 3. d4 Bg4 4. Bg2 Qd7 5. Nbd2 O-O-O 6. c3 f6 7. b4 Re8 8.
Nb3 b6 9. a4 e5 10. O-O e4 11. Ne1 Bd6 12. Nc2 Nge7 13. Ne3 h5 14. b5 Nd8 15.
c4 dxc4 16. Nxc4 Nd5 17. Nxd6+ Qxd6 18. Ba3 Qd7 19. Qc2 Bh3 20. Bxe4 Rxe4 21.
Qxe4 Re8 22. Qc2 Bxf1 23. Rxf1 Qe6 24. Re1 Qe4 25. Qxe4 Rxe4 26. e3 f5 27. Rc1
Kd7 28. h3 g5 29. Nd2 Re6 30. Nf3 Nf7 31. h4 f4 32. Nxg5 Nxg5 33. hxg5 fxe3 34.
Re1 Rg6 35. fxe3 Rxg5 36. Kf2 Nf6 37. e4 c5 38. bxc6+ Kxc6 39. Be7 Ng4+ 40. Kf3
Ra5 41. d5+ Kd7 42. d6 Rxa4 43. e5 Rd4 44. Re4 Rxe4 45. Kxe4 Ke6 46. Bf6 b5 47.
Kd4 b4 48. Kc4 a5 49. Bg7 Kd7 50. Kb3 Ne3 51. Bf6 Nf5 52. Bh4 Nd4+ 53. Kb2 a4
54. Bf6 Ke6 55. d7 a3+ 56. Ka2 b3+ 57. Kxa3 Nb5+ 58. Kxb3 Kxd7 59. Kc4 Nc7 60.
Kd4 Ke6 61. Ke4 Nd5 62. Bd8 Nb4 63. Ba5 Nd5 64. Bd2 Ne7 65. Kf4 Ng6+ 66. Kg5 h4
67. gxh4 Nxe5 68. h5 Kf7 69. Bc3 Nd7 70. h6 Nf8 71. Bg7 Ne6+ 72. Kg4 Kg6 73.
Kh4 Nxg7 74. hxg7 Kxg7 1/2-1/2

[Event "Mercredi 2022.04.06 ABCD"]
[Site "Montreal CAN"]
[Date "2022.04.13"]
[Round "2"]
[White "Di Matteo, Alessio"]
[Black "Gauthier, Luc"]
[Result "1-0"]
[WhiteElo "1822"]
[BlackElo "1672"]
[PlyCount "33"]
[EventDate "2022.04.06"]
[EventType "tourn"]
[EventRounds "5"]
[EventCountry "CAN"]

1. d4 d5 2. e4 dxe4 3. Nc3 e5 4. d5 Bb4 5. f3 Bxc3+ 6. bxc3 Nf6 7. Bc4 exf3 8.
Nxf3 Bg4 9. Ba3 c6 10. Qe2 Nbd7 11. dxc6 bxc6 12. O-O c5 13. Rad1 Qa5 14. Bxf7+
Ke7 15. Qc4 Rhf8 16. Nxe5 Rxf7 17. Qxf7+ 1-0

[Event "Mercredi 2022.04.06 ABCD"]
[Site "Montreal CAN"]
[Date "2022.04.13"]
[Round "2"]
[White "Gadbois, Patrick"]
[Black "Chapdelaine, Gwyn"]
[Result "1-0"]
[WhiteElo "1888"]
[BlackElo "1830"]
[PlyCount "55"]
[EventDate "2022.04.06"]
[EventType "tourn"]
[EventRounds "5"]
[EventCountry "CAN"]

1. d4 Nf6 2. Nf3 d5 3. Bf4 Bg4 4. e3 e6 5. Bd3 Bd6 6. Bg3 Nbd7 7. Nbd2 Bxg3 8.
hxg3 c5 9. c3 c4 10. Bc2 O-O 11. Qb1 h6 12. Ne5 Qc7 13. Nxg4 Nxg4 14. Nf1 e5
15. Bh7+ Kh8 16. Bf5 Ngf6 17. g4 Rfe8 18. g5 Ng8 19. gxh6 Nxh6 20. g4 exd4 21.
Bxd7 Qxd7 22. g5 dxe3 23. gxh6 exf2+ 24. Kxf2 Re4 25. hxg7+ Kxg7 26. Ng3 Rae8
27. Qc1 Qe6 28. Qg5+ 1-0

[Event "Mercredi 2022.04.06 ABCD"]
[Site "Montreal CAN"]
[Date "2022.04.13"]
[Round "2"]
[White "Hagopian, Christian"]
[Black "Nunez, Omar"]
[Result "1/2-1/2"]
[WhiteElo "1880"]
[BlackElo "1951"]
[PlyCount "163"]
[EventDate "2022.04.06"]
[EventType "tourn"]
[EventRounds "5"]
[EventCountry "CAN"]

1. c4 f5 2. Nc3 Nf6 3. Nf3 g6 4. d4 Bg7 5. g3 d6 6. Bg2 O-O 7. O-O Nc6 8. a3
Ne4 9. Nxe4 fxe4 10. Ne1 Nxd4 11. Bxe4 e5 12. e3 Nc6 13. b4 Kh8 14. Bb2 Ne7 15.
Qd3 Bf5 16. Nf3 Bxe4 17. Qxe4 d5 18. cxd5 Qxd5 19. Qxd5 Nxd5 20. Nd2 Nb6 21.
Rac1 Rf7 22. Ne4 Rd8 23. Ng5 Re7 24. Rfd1 Rde8 25. Ne4 h6 26. Kf1 Kg8 27. Ke2
Kf7 28. Rd2 Na4 29. Ba1 b5 30. Rdc2 Nb6 31. Rxc7 Nc4 32. Rxe7+ Kxe7 33. a4 a6
34. Nc5 Ra8 35. Rd1 Ra7 36. Bc3 Bf8 37. Ra1 bxa4 38. Rxa4 Kf7 39. Ne4 Nb6 40.
Ra5 Rc7 41. Rxa6 Nd5 42. Bd2 Nxb4 43. Bxb4 Bxb4 44. Ra2 Be7 45. Rd2 Ke6 46. Rd3
Rc6 47. Rc3 Rb6 48. Rc2 Kd5 49. f3 Ra6 50. Rd2+ Ke6 51. h3 Rb6 52. g4 Rc6 53.
Rb2 Ra6 54. Rc2 Rb6 55. Kf2 Bh4+ 56. Kg2 Be7 57. Kg3 Bb4 58. f4 exf4+ 59. Kxf4
Bd6+ 60. Kf3 Be7 61. Ng3 Bh4 62. Ne2 Bg5 63. Nd4+ Kd5 64. Ne2 Rf6+ 65. Nf4+
Bxf4 66. exf4 Ra6 67. Rd2+ Ke6 68. Re2+ Kf6 69. Re3 Rb6 70. h4 Ra6 71. g5+ hxg5
72. hxg5+ Kf7 73. Rb3 Ra7 74. Rb6 Kg7 75. Kg4 Rc7 76. Rb4 Rf7 77. Rb6 Rc7 78.
Rf6 Ra7 79. f5 Ra4+ 80. Kf3 gxf5 81. Rxf5 Kg6 82. Re5 1/2-1/2

[Event "Mercredi 2022.04.06 ABCD"]
[Site "Montreal CAN"]
[Date "2022.04.13"]
[Round "2"]
[White "Jacquet, Stephane"]
[Black "Nesterov, Timour"]
[Result "1/2-1/2"]
[WhiteElo "1992"]
[BlackElo "1996"]
[PlyCount "114"]
[EventDate "2022.04.06"]
[EventType "tourn"]
[EventRounds "5"]
[EventCountry "CAN"]

1. d4 d5 2. c4 c6 3. Nc3 Nf6 4. Nf3 g6 5. e3 Bg7 6. Bd3 O-O 7. O-O Nbd7 8. b3
h6 9. Bb2 Re8 10. Rc1 dxc4 11. Bxc4 Nb6 12. Bd3 Nbd5 13. Ne2 Bg4 14. Ne5 Be6
15. Ng3 Nd7 16. Qe2 Nxe5 17. dxe5 Qd7 18. Bb1 Rad8 19. f4 Bg4 20. Qf2 Qc7 21.
f5 Bxe5 22. fxg6 f6 23. g7 e6 24. Rc4 h5 25. Bg6 Re7 26. Bxh5 Bxg3 27. hxg3
Bxh5 28. Rh4 Rxg7 29. e4 Qxg3 30. exd5 Qxf2+ 31. Rxf2 Rxd5 32. Bxf6 Rg4 33. Rh3
Kh7 34. Bb2 Rgg5 35. Rf7+ Kg8 36. Rxb7 Rd1+ 37. Kh2 Rd2 38. Rg7+ Rxg7 39. Bxg7
Kxg7 40. Rxh5 Rxa2 41. Rc5 Ra6 42. Kg3 Rb6 43. Kf4 Kf6 44. Rc3 a5 45. g3 Rb4+
46. Ke3 Rb6 47. Kf4 e5+ 48. Ke4 Rb4+ 49. Ke3 Kf5 50. Kf3 Rb6 51. Ke3 Rb5 52.
Kf3 c5 53. Ke3 e4 54. g4+ Ke5 55. g5 Kf5 56. g6 Kxg6 57. Kxe4 a4 1/2-1/2

[Event "Mercredi 2022.04.06 ABCD"]
[Site "Montreal CAN"]
[Date "2022.04.13"]
[Round "2"]
[White "Lima-Barbosa, Raphael"]
[Black "Kulenovic, Sacha"]
[Result "1-0"]
[WhiteElo "1814"]
[BlackElo "1657"]
[PlyCount "64"]
[EventDate "2022.04.06"]
[EventType "tourn"]
[EventRounds "5"]
[EventCountry "CAN"]

1. d4 h6 2. e4 g5 3. Nc3 d6 4. Be3 Bg7 5. Qd2 Nd7 6. O-O-O b6 7. Bc4 c5 8. dxc5
Nxc5 9. f4 Be6 10. Bb5+ Bd7 11. e5 Bxb5 12. Nxb5 a6 13. Nc3 dxe5 14. Qe2 Qc7
15. fxe5 Bxe5 16. Nf3 Bxc3 17. bxc3 Na4 18. Bd4 Nxc3 19. Qd2 Ne4 20. Qe3 Rc8
21. Qxe4 f6 22. g4 Qf4+ 23. Qxf4 gxf4 24. Bxb6 e5 25. Rd6 Ne7 26. Rxf6 Rc6 27.
Rxc6 Nxc6 28. Re1 Kf7 29. Nxe5+ Nxe5 30. Rxe5 Rf8 31. Rf5+ Ke7 32. Rxf8 Kxf8
1-0

[Event "Mercredi 2022.04.06 ABCD"]
[Site "Montreal CAN"]
[Date "2022.04.13"]
[Round "2"]
[White "Lopez Linares, Lizandro"]
[Black "Genzling, Jerome"]
[Result "1/2-1/2"]
[WhiteElo "2181"]
[BlackElo "2022"]
[PlyCount "137"]
[EventDate "2022.04.06"]
[EventType "tourn"]
[EventRounds "5"]
[EventCountry "CAN"]

1. d4 d5 2. c4 e6 3. Nc3 a6 4. cxd5 exd5 5. Nf3 c6 6. Qc2 Nf6 7. Bg5 Be6 8. e3
h6 9. Bh4 Nbd7 10. Bd3 Be7 11. O-O O-O 12. Na4 Re8 13. Nc5 Nxc5 14. Bxf6 Bxf6
15. Qxc5 Qd7 16. Qc2 Bg4 17. Nd2 g6 18. b4 Bf5 19. Nb3 Bxd3 20. Qxd3 Be7 21.
Qc3 Bd6 22. Nc5 Qc7 23. g3 h5 24. Kg2 h4 25. Nd3 Kg7 26. Rac1 Rh8 27. a4 Qd7
28. Rh1 Rae8 29. Qd2 Qg4 30. f3 Qg5 31. f4 Qf5 32. Nf2 g5 33. Kf3 hxg3 34. hxg3
g4+ 35. Kg2 Qe6 36. Rhe1 f5 37. Rb1 Rh6 38. Re2 Reh8 39. Rg1 Qe7 40. Qd3 Kf6
41. b5 axb5 42. axb5 Rh2+ 43. Kf1 Ra8 44. Qb1 Rh7 45. bxc6 bxc6 46. Qc2 Qb7 47.
Kg2 Rah8 48. Kf1 Qa6 49. Nd3 Qa1+ 50. Re1 Qa6 51. Kf2 Ra8 52. Re2 Rh2+ 53. Rg2
Rh1 54. Rg1 Rh2+ 55. Rg2 Rh1 56. Rg1 Rxg1 57. Kxg1 Qb5 58. Kf2 Ra3 59. Rd2 Ra1
60. Rd1 Rxd1 61. Qxd1 Qc4 62. Qb1 Qc3 63. Ke2 Ke6 64. Qa2 Bb4 65. Nxb4 Qxb4 66.
Qa8 Qb2+ 67. Ke1 Qc3+ 68. Ke2 Qc4+ 69. Ke1 1/2-1/2

[Event "Mercredi 2022.04.06 ABCD"]
[Site "Montreal CAN"]
[Date "2022.04.26"]
[Round "2"]
[White "Rodrigue-Lemieux, Shawn"]
[Black "Latorre, Vincent"]
[Result "1-0"]
[WhiteElo "2435"]
[BlackElo "2053"]
[PlyCount "139"]
[EventDate "2022.04.06"]
[EventType "tourn"]
[EventRounds "5"]
[EventCountry "CAN"]

1. d4 Nf6 2. Bf4 d5 3. e3 c5 4. c3 Nc6 5. Nd2 Bf5 6. Qb3 Qb6 7. dxc5 Qxb3 8.
Nxb3 e5 9. Bg3 Nd7 10. Bb5 a5 11. Rd1 a4 12. Nc1 Be6 13. Nd3 f6 14. Nb4 Ra5 15.
Bxc6 bxc6 16. Nxc6 Rxc5 17. Nb4 Nb6 18. Ne2 Rb5 19. Nc1 Bxb4 20. cxb4 Rxb4 21.
b3 axb3 22. axb3 Kf7 23. f4 Bg4 24. Rd2 Rc8 25. O-O e4 26. f5 Ke7 27. h3 Bh5
28. Ra2 Nd7 29. Ra5 Bf7 30. Ra6 Rb6 31. Rxb6 Nxb6 32. Ne2 Rc2 33. Nd4 Rc3 34.
Ra1 Be8 35. Ra6 Nc8 36. Kf2 Bd7 37. Ra5 Nb6 38. Ke2 Rc8 39. Ra6 Rc2+ 40. Kf1
Rc1+ 41. Kf2 Nc8 42. Ra5 Nb6 43. h4 g6 44. Ra6 Nc8 45. h5 g5 46. Bb8 Rc5 47. g4
h6 48. Bg3 Rc3 49. Ra5 Nb6 50. Ke2 Rc8 51. Ra7 Ra8 52. Nc6+ Ke8 53. Rxa8+ Nxa8
54. Nb4 Bb5+ 55. Kf2 Nb6 56. Bc7 Nd7 57. Bd6 Kf7 58. Nxd5 Bc6 59. Nc3 Nb6 60.
Bc5 Nd7 61. Bd4 Ke7 62. b4 Kd6 63. b5 Bb7 64. Ke1 Ne5 65. Bxe5+ Kxe5 66. Kd2
Kd6 67. Na4 Bd5 68. Kc3 Bb7 69. Kd4 Bd5 70. Nc3 1-0

[Event "Mercredi 2022.04.06 ABCD"]
[Site "Montreal CAN"]
[Date "2022.04.13"]
[Round "2"]
[White "Singher, Jean-Pierre"]
[Black "Beaulieu, Pierre"]
[Result "1-0"]
[WhiteElo "1898"]
[BlackElo "1876"]
[PlyCount "37"]
[EventDate "2022.04.06"]
[EventType "tourn"]
[EventRounds "5"]
[EventCountry "CAN"]

1. d4 Nf6 2. c4 c5 3. d5 b5 4. a4 bxc4 5. Nc3 d6 6. e4 g6 7. Bxc4 Nbd7 8. f4
Rb8 9. Nf3 Rb4 10. Qe2 Nb6 11. Bb5+ Bd7 12. O-O Bg7 13. Bxd7+ Qxd7 14. a5 Nc4
15. b3 Nxe4 16. Nxe4 Bxa1 17. Ba3 Nxa3 18. Rxa1 Nb5 19. Nf6+ 1-0

[Event "Mercredi 2022.04.06 ABCD"]
[Site "Montreal CAN"]
[Date "2022.04.20"]
[Round "3"]
[White "Baran, Marius"]
[Black "Lima-Barbosa, Raphael"]
[Result "1-0"]
[WhiteElo "1750"]
[BlackElo "1814"]
[PlyCount "125"]
[EventDate "2022.04.06"]
[EventType "tourn"]
[EventRounds "5"]
[EventCountry "CAN"]

1. d4 Nf6 2. c4 g6 3. Nc3 Bg7 4. e4 d6 5. Nf3 O-O 6. Bg5 h6 7. Bc1 e5 8. dxe5
dxe5 9. Be3 Na6 10. h3 b6 11. a3 Bb7 12. Qc2 Rc8 13. Be2 Qe7 14. O-O Nc5 15.
Nd2 c6 16. Rad1 Rfd8 17. b4 Ne6 18. Nb3 Rc7 19. Rxd8+ Qxd8 20. Rd1 Rd7 21. Rxd7
Qxd7 22. Qd1 Qxd1+ 23. Bxd1 Nd7 24. Bg4 Nd4 25. Bxd7 Nxb3 26. f3 Kf8 27. b5 Nd4
28. bxc6 Bxc6 29. Bxc6 Nxc6 30. c5 Nd4 31. cxb6 axb6 32. Kf2 Ke8 33. Nd5 b5 34.
Bxd4 exd4 35. Nc7+ Kd7 36. Nxb5 Kc6 37. a4 Kc5 38. Ke2 Kc4 39. Nd6+ Kc3 40. a5
Kc2 41. Nc4 d3+ 42. Ke3 Bf8 43. Kd4 Bb4 44. a6 Be1 45. Ke3 Bb4 46. Kd4 Be1 47.
Ne3+ Kd2 48. a7 Bf2 49. a8=Q Bxe3+ 50. Kc4 Ke2 51. Qd5 d2 52. Qd3+ Kf2 53. Kc3
Bf4 54. Kc2 Kxg2 55. h4 Kg3 56. Qf1 Kxh4 57. Qg2 h5 58. Kd1 g5 59. Qh1+ Kg3 60.
Qxh5 f6 61. Ke2 Kg2 62. Qg4+ Kh2 63. Qf5 1-0

[Event "Mercredi 2022.04.06 ABCD"]
[Site "Montreal CAN"]
[Date "2022.04.26"]
[Round "3"]
[White "Batorshin, Illia"]
[Black "Beaudry, Marc-Andre"]
[Result "0-1"]
[WhiteElo "1956"]
[BlackElo "1976"]
[PlyCount "99"]
[EventDate "2022.04.06"]
[EventType "tourn"]
[EventRounds "5"]
[EventCountry "CAN"]

1. Nf3 d5 2. g3 Nf6 3. Bg2 c5 4. c4 Nc6 5. cxd5 Nxd5 6. Nc3 Nc7 7. O-O e5 8. d3
Be7 9. Be3 Rb8 10. Rc1 O-O 11. a3 Bd7 12. Ne4 b6 13. Bd2 a5 14. Bc3 f6 15. e3
f5 16. Ned2 Bf6 17. Nc4 Qe7 18. d4 cxd4 19. exd4 exd4 20. Nxd4 Nxd4 21. Bxd4
Bxd4 22. Qxd4 Ne6 23. Qe5 Qf6 24. Rfd1 Qxe5 25. Nxe5 Ba4 26. Rd6 Bb3 27. Rc3
Ba2 28. b3 Nc5 29. Bd5+ Kh8 30. Ng6+ hxg6 31. g4 fxg4 32. Rxg6 Rf6 33. Rxg4 g6
34. Rh4+ Kg7 35. Rch3 Rf5 36. Rh7+ Kf6 37. Bc4 Rb7 38. Rh8 b5 39. Rf8+ Ke7 40.
Rxf5 gxf5 41. Rh7+ Kf6 42. Rxb7 Nxb7 43. Bxb5 Bxb3 44. f4 Nd6 45. Bc6 a4 46.
Kf2 Nc4 47. Ke2 Nxa3 48. Kd2 Nb1+ 49. Kc1 Nc3 50. Kb2 0-1

[Event "Mercredi 2022.04.06 ABCD"]
[Site "Montreal CAN"]
[Date "2022.04.20"]
[Round "3"]
[White "Beaulieu, Pierre"]
[Black "Gadbois, Patrick"]
[Result "1-0"]
[WhiteElo "1876"]
[BlackElo "1888"]
[PlyCount "109"]
[EventDate "2022.04.06"]
[EventType "tourn"]
[EventRounds "5"]
[EventCountry "CAN"]

1. Nf3 d5 2. d4 e6 3. c4 c6 4. g3 Nf6 5. Bg2 Bd6 6. Nc3 Nbd7 7. O-O O-O 8. Nd2
h6 9. a4 a5 10. e4 dxe4 11. Ndxe4 Bc7 12. Be3 Nxe4 13. Bxe4 Nf6 14. Bc2 e5 15.
Qd3 Re8 16. f3 Bb6 17. c5 Bc7 18. Rad1 Be6 19. f4 exf4 20. Bxf4 Bxf4 21. Rxf4
g6 22. Rdf1 Nd5 23. Rh4 Nxc3 24. bxc3 Qg5 25. Rhf4 Bh3 26. Bb3 Bxf1 27. Qxf1
Re7 28. Bxf7+ Rxf7 29. Rxf7 Qe3+ 30. Qf2 Qxf2+ 31. Rxf2 Re8 32. Kf1 Re3 33. Rc2
Rf3+ 34. Ke2 Rf6 35. Rb2 Rf7 36. c4 Rd7 37. Ke3 Kg7 38. Rd2 g5 39. d5 cxd5 40.
cxd5 Kf6 41. Kd4 Kf5 42. h3 h5 43. Rf2+ Kg6 44. d6 b6 45. Kd5 bxc5 46. Kxc5 Rb7
47. Kc6 Rb3 48. d7 Rc3+ 49. Kb7 Rd3 50. Kc7 Rc3+ 51. Kd8 Rxg3 52. Rd2 Kg7 53.
Kc7 Rc3+ 54. Kb7 Rb3+ 55. Ka7 1-0

[Event "Mercredi 2022.04.06 ABCD"]
[Site "Montreal CAN"]
[Date "2022.04.20"]
[Round "3"]
[White "Chapdelaine, Gwyn"]
[Black "Hagopian, Christian"]
[Result "1-0"]
[WhiteElo "1830"]
[BlackElo "1880"]
[PlyCount "47"]
[EventDate "2022.04.06"]
[EventType "tourn"]
[EventRounds "5"]
[EventCountry "CAN"]

1. e4 e5 2. Nc3 Nf6 3. f4 Bc5 4. fxe5 Nxe4 5. Nxe4 Qh4+ 6. Ng3 Bxg1 7. Rxg1
Qxh2 8. Kf2 Qh4 9. Qf3 Qd4+ 10. Qe3 Qxe3+ 11. dxe3 Nc6 12. Bd2 Nxe5 13. Bc3 d6
14. Bxe5 dxe5 15. Bc4 Bg4 16. Be2 Be6 17. Rgd1 g6 18. Ne4 Ke7 19. Nc5 Bc8 20.
Rd5 f6 21. Rad1 b6 22. Rd7+ Bxd7 23. Rxd7+ Ke8 24. Bb5 1-0

[Event "Mercredi 2022.04.06 ABCD"]
[Site "Montreal CAN"]
[Date "2022.04.20"]
[Round "3"]
[White "Gauthier, Luc"]
[Black "Destree, Frederic"]
[Result "0-1"]
[WhiteElo "1672"]
[BlackElo "1812"]
[PlyCount "90"]
[EventDate "2022.04.06"]
[EventType "tourn"]
[EventRounds "5"]
[EventCountry "CAN"]

1. e4 d6 2. Nc3 g6 3. f4 Bg7 4. Nf3 Nf6 5. d3 c5 6. g3 Nc6 7. Bg2 O-O 8. O-O a6
9. h3 Bd7 10. Be3 Qc7 11. Qd2 Rab8 12. g4 e5 13. fxe5 Nxe5 14. Nxe5 dxe5 15.
Qf2 Be6 16. Qh4 Ne8 17. Nd5 Bxd5 18. exd5 c4 19. dxc4 Qxc4 20. Qf2 Rc8 21. c3
Nd6 22. b3 Qxc3 23. Rac1 Qa5 24. Bc5 Qd8 25. Bxd6 Rxc1 26. Rxc1 Qxd6 27. Qc5
Rd8 28. Qxd6 Rxd6 29. Rc7 Rb6 30. Rc8+ Bf8 31. Re8 f6 32. Re6 Rxe6 33. dxe6
Bc5+ 34. Kf1 b6 35. Bb7 a5 36. a4 Kf8 37. Ke2 Ke7 38. Bd5 Kd6 39. Bc4 e4 40.
Kd2 Ke5 41. Ke2 f5 42. gxf5 gxf5 43. h4 f4 44. h5 f3+ 45. Kf1 e3 0-1

[Event "Mercredi 2022.04.06 ABCD"]
[Site "Montreal CAN"]
[Date "2022.04.20"]
[Round "3"]
[White "Genzling, Jerome"]
[Black "Cardin, Guillaume"]
[Result "1-0"]
[WhiteElo "2022"]
[BlackElo "2040"]
[PlyCount "65"]
[EventDate "2022.04.06"]
[EventType "tourn"]
[EventRounds "5"]
[EventCountry "CAN"]

1. e4 c5 2. Nf3 Nc6 3. d4 cxd4 4. Nxd4 Nf6 5. Nc3 e5 6. Ndb5 d6 7. Bg5 a6 8.
Na3 b5 9. Bxf6 gxf6 10. Nd5 f5 11. Bxb5 axb5 12. Nxb5 Ra4 13. b4 Rxb4 14. Nbc7+
Kd7 15. O-O Qg5 16. f4 exf4 17. Nxb4 Nxb4 18. Nd5 Rg8 19. Rf2 fxe4 20. Nxf4 Bb7
21. Qd4 e3 22. Qxe3 Qe5 23. Qh3+ Kc7 24. Raf1 Nd5 25. Nxd5+ Bxd5 26. c4 Be6 27.
Qb3 Bh6 28. Kh1 Qg7 29. Rb1 Bf4 30. Qb7+ Kd8 31. Rxf4 d5 32. g3 Qg6 33. cxd5
1-0

[Event "Mercredi 2022.04.06 ABCD"]
[Site "Montreal CAN"]
[Date "2022.04.20"]
[Round "3"]
[White "Guipi Bopala, Prince Eric jr"]
[Black "Jacquet, Stephane"]
[Result "0-1"]
[WhiteElo "2021"]
[BlackElo "1992"]
[PlyCount "112"]
[EventDate "2022.04.06"]
[EventType "tourn"]
[EventRounds "5"]
[EventCountry "CAN"]

1. d4 d6 2. Nf3 g6 3. g3 Bg7 4. Bg2 Nf6 5. O-O O-O 6. b3 Ne4 7. Bb2 c5 8. Nbd2
Nxd2 9. Qxd2 Nc6 10. c4 cxd4 11. Nxd4 Bd7 12. Rfd1 Qb6 13. Nxc6 Bxc6 14. Bxg7
Kxg7 15. Bh3 a5 16. Qd4+ Qxd4 17. Rxd4 Ra6 18. Rc1 Rb6 19. c5 dxc5 20. Rxc5 a4
21. Rc3 axb3 22. Rxb3 Rxb3 23. axb3 Ra8 24. f3 Ra2 25. Kf2 Rb2 26. Rd3 e6 27.
Rc3 Bd5 28. Rc7 b5 29. b4 Bc4 30. Bf1 Rxb4 31. Ke3 Rb1 32. Kf2 e5 33. f4 exf4
34. gxf4 Be6 35. Bg2 b4 36. Rb7 b3 37. Ke3 Kf6 38. Be4 Rd1 39. Rb6 h5 40. Bd3
Rh1 41. Bc4 Rxh2 42. Bxe6 fxe6 43. Kf3 Rh3+ 44. Kg2 Rc3 45. e4 h4 46. Kf2 h3
47. Rb7 g5 48. e5+ Kg6 49. Rb6 gxf4 50. Rxe6+ Kf5 51. Re8 h2 52. Kg2 Rc2+ 53.
Kh1 b2 54. Rb8 Rc1+ 55. Kxh2 b1=Q 56. Rxb1 Rxb1 0-1

[Event "Mercredi 2022.04.06 ABCD"]
[Site "Montreal CAN"]
[Date "2022.04.20"]
[Round "3"]
[White "Kulenovic, Sacha"]
[Black "Di Matteo, Alessio"]
[Result "0-1"]
[WhiteElo "1657"]
[BlackElo "1822"]
[PlyCount "36"]
[EventDate "2022.04.06"]
[EventType "tourn"]
[EventRounds "5"]
[EventCountry "CAN"]

1. g4 d5 2. h3 h5 3. gxh5 e5 4. Bg2 Nf6 5. d3 Rxh5 6. Nd2 Nc6 7. c4 Be6 8. Qa4
Nd7 9. cxd5 Nb6 10. Qd1 Nxd5 11. Ngf3 Nf4 12. Bf1 Bc5 13. Ne4 Bb4+ 14. Nfd2 Qh4
15. a3 Bxd2+ 16. Bxd2 Nd4 17. e3 Bb3 18. Qg4 Nxd3+ 0-1

[Event "Mercredi 2022.04.06 ABCD"]
[Site "Montreal CAN"]
[Date "2022.04.20"]
[Round "3"]
[White "Latorre, Vincent"]
[Black "Lopez Linares, Lizandro"]
[Result "1-0"]
[WhiteElo "2053"]
[BlackElo "2181"]
[PlyCount "93"]
[EventDate "2022.04.06"]
[EventType "tourn"]
[EventRounds "5"]
[EventCountry "CAN"]

1. e4 d5 2. exd5 Qxd5 3. Nc3 Qa5 4. d4 c6 5. Nf3 Nf6 6. Ne5 Bf5 7. g4 Bg6 8. h4
e6 9. h5 Be4 10. Nc4 Qc7 11. Nxe4 Nxe4 12. Qf3 Nd6 13. Bf4 Qd8 14. O-O-O h6 15.
Rg1 Nxc4 16. Bxc4 Be7 17. Rge1 O-O 18. Qe4 Nd7 19. Be5 Re8 20. Bd3 Nf8 21. Kb1
f6 22. Bg3 Bd6 23. f4 Qc7 24. Rf1 Red8 25. Bh4 a5 26. g5 hxg5 27. fxg5 f5 28.
Qf3 g6 29. Rh1 Rd7 30. Bf2 Rh7 31. hxg6 Nxg6 32. Rxh7 Qxh7 33. Rh1 Qf7 34. Rh6
Bf8 35. Rh1 Rd8 36. Re1 Bg7 37. Bc4 Nf8 38. c3 b5 39. Bd3 Qd7 40. Bc2 a4 41. a3
Ng6 42. Ka1 Kf7 43. Bb1 Qd5 44. Be4 Qd6 45. Bxc6 b4 46. axb4 Rc8 47. d5 1-0

[Event "Mercredi 2022.04.06 ABCD"]
[Site "Montreal CAN"]
[Date "2022.04.20"]
[Round "3"]
[White "Nunez, Omar"]
[Black "Singher, Jean-Pierre"]
[Result "1/2-1/2"]
[WhiteElo "1951"]
[BlackElo "1898"]
[PlyCount "64"]
[EventDate "2022.04.06"]
[EventType "tourn"]
[EventRounds "5"]
[EventCountry "CAN"]

1. f4 d5 2. Nf3 Nf6 3. g3 c5 4. Bg2 Nc6 5. d3 Qc7 6. Nc3 d4 7. Ne4 Nxe4 8. dxe4
g6 9. e3 Bg4 10. h3 Bxf3 11. Qxf3 Qa5+ 12. Bd2 Qb5 13. O-O-O Bg7 14. e5 O-O 15.
exd4 Nxd4 16. Qe4 Ne2+ 17. Kb1 Nxg3 18. Qxb7 Qxb7 19. Bxb7 Rab8 20. Rhg1 Ne2
21. Rg2 Nxf4 22. Bxf4 Rxb7 23. Rgd2 f6 24. Be3 c4 25. Rd7 Rfb8 26. e6 g5 27.
Rxb7 Rxb7 28. Rd7 Rb5 29. Rxe7 Re5 30. Bd2 Kf8 31. Rf7+ Kg8 32. Re7 Kf8 1/2-1/2

[Event "Mercredi 2022.04.06 ABCD"]
[Site "Montreal CAN"]
[Date "2022.04.20"]
[Round "3"]
[White "Zheng, Richard"]
[Black "Rodrigue-Lemieux, Shawn"]
[Result "0-1"]
[WhiteElo "2192"]
[BlackElo "2435"]
[PlyCount "100"]
[EventDate "2022.04.06"]
[EventType "tourn"]
[EventRounds "5"]
[EventCountry "CAN"]

1. d4 Nf6 2. c4 e6 3. Nc3 Bb4 4. Qc2 O-O 5. a3 Bxc3+ 6. Qxc3 b6 7. Nf3 Bb7 8.
g3 d6 9. Bg2 Nbd7 10. O-O Qe7 11. Bg5 h6 12. Bxf6 Nxf6 13. Rfd1 Rac8 14. Nd2 c5
15. e4 Rfd8 16. d5 exd5 17. exd5 Re8 18. b3 Qd7 19. Qd3 Re7 20. h3 Rce8 21. Kf1
Bc8 22. Re1 Qf5 23. Qc3 Ba6 24. g4 Qf4 25. Rxe7 Rxe7 26. Re1 Rxe1+ 27. Kxe1 h5
28. gxh5 Nxh5 29. Qe3 Kf8 30. Bf3 Qxe3+ 31. fxe3 Nf6 32. Kf2 Ke7 33. Kg3 b5 34.
Kf4 bxc4 35. Nxc4 Bxc4 36. bxc4 Nd7 37. Be2 Kf6 38. h4 Ne5 39. h5 g6 40. hxg6
fxg6 41. e4 g5+ 42. Kg3 Nf7 43. Kg4 Kg6 44. Kg3 Nh6 45. e5 dxe5 46. Bd3+ Kf6
47. Be4 Nf7 48. Kf3 Nd6 49. Bd3 e4+ 50. Bxe4 Nxc4 0-1

[Event "Mercredi 2022.04.06 ABCD"]
[Site "Montreal CAN"]
[Date "2022.04.27"]
[Round "4"]
[White "Baran, Marius"]
[Black "Gauthier, Luc"]
[Result "1-0"]
[WhiteElo "1750"]
[BlackElo "1672"]
[PlyCount "61"]
[EventDate "2022.04.06"]
[EventType "tourn"]
[EventRounds "5"]
[EventCountry "CAN"]

1. d4 d5 2. Bf4 Bf5 3. e3 e6 4. Bd3 Bd6 5. Nf3 c6 6. O-O Bxf4 7. exf4 Ne7 8.
Re1 O-O 9. c3 Qc7 10. g3 Nd7 11. Qc2 h6 12. Nbd2 Nf6 13. Kg2 c5 14. dxc5 Bxd3
15. Qxd3 Qxc5 16. Nd4 a6 17. f3 Qc7 18. Re2 Nh5 19. Rae1 Ng6 20. Nxe6 Ngxf4+
21. Nxf4 Qxf4 22. Qxd5 Nf6 23. Qxb7 Qa4 24. Qb3 Qc6 25. Qc4 Qb7 26. Ne4 Nd5 27.
Nd6 Nb6 28. Qf4 Qd5 29. c4 Qc5 30. b3 Rad8 31. Nb7 1-0

[Event "Mercredi 2022.04.06 ABCD"]
[Site "Montreal CAN"]
[Date "2022.04.27"]
[Round "4"]
[White "Barko, Maxim"]
[Black "Guipi Bopala, Prince Eric jr"]
[Result "0-1"]
[WhiteElo "2015"]
[BlackElo "2021"]
[PlyCount "66"]
[EventDate "2022.04.06"]
[EventType "tourn"]
[EventRounds "5"]
[EventCountry "CAN"]

1. e4 c6 2. Nf3 d5 3. Nc3 Bg4 4. h3 Bxf3 5. Qxf3 e6 6. d3 Nd7 7. Bd2 Bd6 8.
exd5 exd5 9. O-O-O Ne7 10. Re1 O-O 11. d4 b5 12. Bd3 Nb6 13. Bg5 Qc7 14. Qg4 a5
15. Bxh7+ Kxh7 16. Qh4+ Kg8 17. Bxe7 Bxe7 18. Qxe7 Qf4+ 19. Qe3 Qf6 20. f4 Nc4
21. Qf2 a4 22. Nb1 c5 23. Nc3 Rfd8 24. Rd1 b4 25. Nb1 b3 26. axb3 axb3 27. cxb3
Na5 28. Rd3 cxd4 29. b4 Rac8+ 30. Kd2 Qc6 31. Ke2 Qc2+ 32. Rd2 Qe4+ 33. Kf1
Rc1+ 0-1

[Event "Mercredi 2022.04.06 ABCD"]
[Site "Montreal CAN"]
[Date "2022.04.27"]
[Round "4"]
[White "Batorshin, Illia"]
[Black "Nesterov, Timour"]
[Result "1-0"]
[WhiteElo "1956"]
[BlackElo "1996"]
[PlyCount "143"]
[EventDate "2022.04.06"]
[EventType "tourn"]
[EventRounds "5"]
[EventCountry "CAN"]

1. c4 Nf6 2. g3 g6 3. Bg2 Bg7 4. Nc3 c6 5. d4 d5 6. cxd5 cxd5 7. Nf3 O-O 8. O-O
Nc6 9. Ne5 e6 10. Nxc6 bxc6 11. Qc2 Ba6 12. Rd1 Rc8 13. Na4 Nd7 14. Bf4 Bb5 15.
Nc3 Qb6 16. Nxb5 cxb5 17. Qd2 Rc4 18. e3 Rfc8 19. Bf1 Rc2 20. Qb4 a6 21. Bd3
Bf8 22. Qb3 R2c6 23. a4 bxa4 24. Qxa4 Qxb2 25. Rdb1 Qd2 26. Bxa6 Rc2 27. Rf1
Nb6 28. Qa5 Qxa5 29. Rxa5 Ra8 30. Bd3 Rxa5 31. Bxc2 Nc4 32. Rb1 Ra8 33. Rb7 h5
34. Bd3 Nd6 35. Rd7 Ne8 36. h3 Nf6 37. Rb7 Rd8 38. Kg2 Kg7 39. Bb5 Bd6 40. Kf3
Bxf4 41. Kxf4 Ne8 42. Bxe8 Rxe8 43. Ke5 Ra8 44. Rb2 Ra3 45. g4 hxg4 46. hxg4
Ra1 47. Kf4 Rg1 48. Rb7 Rf1 49. Rb2 Rg1 50. g5 Rf1 51. f3 Rd1 52. Rh2 Rd3 53.
Rh3 Rd2 54. Rg3 Rd1 55. Ke5 Rf1 56. e4 Re1 57. Rg4 Re2 58. Kd6 dxe4 59. fxe4
Ra2 60. d5 Ra6+ 61. Kc7 exd5 62. exd5 f6 63. d6 fxg5 64. Rb4 Ra3 65. d7 Rc3+
66. Kd6 Rd3+ 67. Ke6 Kh6 68. Rb5 Rxd7 69. Kxd7 Kh5 70. Ke6 Kh4 71. Ke5 g4 72.
Kf4 1-0